Engineering Mechanics Dynamics / (Record no. 611257)

000 -LEADER
fixed length control field 00354nam a22001337a 4500
040 ## - CATALOGING SOURCE
Transcribing agency NUST
082 ## - DEWEY DECIMAL CLASSIFICATION NUMBER
Classification number 620.104
Author Mark HIB
100 ## - MAIN ENTRY--PERSONAL NAME
Personal name Hibbeler, R.C.
245 ## - TITLE STATEMENT
Title Engineering Mechanics Dynamics /
Statement of responsibility, etc. R. C. Hibbeler
250 ## - EDITION STATEMENT
Edition statement 14th Ed.
260 ## - PUBLICATION, DISTRIBUTION, ETC.
Place of publication, distribution, etc. London :
Name of publisher, distributor, etc. Person Education ,
Date of publication, distribution, etc. 2016.
300 ## - PHYSICAL DESCRIPTION
Extent xxiii,760p. ;
Other physical details HardBinding
Dimensions 25cm.
942 ## - ADDED ENTRY ELEMENTS (KOHA)
Source of classification or shelving scheme
Koha item type Book

No items available.

© 2023 Central Library, National University of Sciences and Technology. All Rights Reserved.